Essentials of Electricity for Apprenticeship (Record no. 2799)

MARC details
005 - DATE AND TIME OF LATEST TRANSACTION
control field 20250620171940.0
020 ## - INTERNATIONAL STANDARD BOOK NUMBER
International Standard Book Number 0-07-828873-8
082 ## - DEWEY DECIMAL CLASSIFICATION NUMBER
Classification number LM 621.3 PET
100 ## - MAIN ENTRY--PERSONAL NAME
Author name PETRUZELLA, F. D.
245 ## - TITLE STATEMENT
Title Essentials of Electricity for Apprenticeship
260 ## - PUBLICATION, DISTRIBUTION, ETC.
Place of publication, distribution, etc. New York,
Name of publisher, distributor, etc. McGraw-Hill,
Date of publication, distribution, etc. 2003.
300 ## - PHYSICAL DESCRIPTION
Extent 726p.: ill.; figures, table.
Other physical details Index.
Dimensions 27cm.
942 ## - ADDED ENTRY ELEMENTS (KOHA)
Source of classification or shelving scheme Dewey Decimal Classification
Koha item type Books
Holdings
Date last seen Total checkouts Full call number Barcode Cost, replacement price Price effective from Koha item type Lost status Source of classification or shelving scheme Damaged status Not for loan Withdrawn status Home library Current library Shelving location Date acquired Cost, normal purchase price
05/28/2025   LM 621.3 PET 0000008222 135000.00 05/28/2025 Books   Dewey Decimal Classification       College of Business Education Main Library College of Business Education Main Library General Collection 05/28/2010 45000.00
05/28/2025   LM 621.3 PET 0000008223 135000.00 05/28/2025 Books   Dewey Decimal Classification       College of Business Education Main Library College of Business Education Main Library General Collection 05/28/2010 45000.00
05/28/2025   LM 621.3 PET 0000008224 135000.00 05/28/2025 Books   Dewey Decimal Classification       College of Business Education Main Library College of Business Education Main Library General Collection 05/28/2010 45000.00
05/28/2025   LM 621.3 PET 0000008225 135000.00 05/28/2025 Books   Dewey Decimal Classification       College of Business Education Main Library College of Business Education Main Library General Collection 05/28/2010 45000.00
05/28/2025   LM 621.3 PET 0000008226 135000.00 05/28/2025 Books   Dewey Decimal Classification       College of Business Education Main Library College of Business Education Main Library General Collection 05/28/2010 45000.00